| 000 | 00473nam a2200169Ia 4500 | ||
|---|---|---|---|
| 003 | LK-CoDNM | ||
| 008 | 010623t xxu||||| |||| 00| 1 sin d | ||
| 040 |
_aLK-CoDNM _dLK-CoDNM _eLK-CoDNM |
||
| 041 | _asin | ||
| 080 | _a294.32 KEM | ||
| 100 | _aKemananda Nikaththegama Indrajothi Thero,Hikgoda. | ||
| 245 | _aඅරිය පර්යේෂණය | ||
| 246 | _aAriya Pariyesanaya | ||
| 260 | _bBauddha Granta Prakashana Samithiya | ||
| 300 | _b25p., 21 cm | ||
| 942 | _cBK | ||
| 999 |
_c137244 _d137244 |
||